| 000 | 00487nam a2200169Ia 4500 | ||
|---|---|---|---|
| 003 | GCL | ||
| 008 | 140319s9999 xx 000 0 eng d | ||
| 040 |
_aGCL / _cGCL |
||
| 082 | 0 | 4 |
_a696 _bG T |
| 100 | 1 | _aGROAK, STEVEN | |
| 245 | 1 | 0 |
_aTHE IDEA OF BUILDING: THOUGHT AND ACTION IN THE DESIGN AND PRODUCTION OF BUILDING / _cGROAK, STEVEN |
| 260 |
_a[S.N] : _bE & FN SPON ، _c1992 |
||
| 300 | _a249 | ||
| 650 | 0 | 4 | _aالتحليل الرياضى |
| 650 | 0 | 4 | _aBUILDINGS |
| 942 |
_2ddc _cBK |
||
| 999 |
_c16945 _d16945 |
||